| 000 | 00602nam a2200229Ia 4500 | ||
|---|---|---|---|
| 003 | OSt | ||
| 005 | 20220924140127.0 | ||
| 006 | a|||||r|||| 00| 0 | ||
| 007 | ta | ||
| 008 | 220923b |||||||| |||| 00| 0 ben d | ||
| 024 | _a293680 | ||
| 037 | _cTextual | ||
| 040 |
_aARTS _cARTS _bben |
||
| 041 |
_2ben _aben |
||
| 082 | _aO157,2vN60<-N40, N2 | ||
| 100 |
_aJaman _9211014 |
||
| 245 | 0 |
_aBangla natak (1940 - 60) _b Artha samajik drisyapot |
|
| 260 | _c1992 | ||
| 650 | _aBENGALI LITERATURE | ||
| 942 |
_hO157,2vN60<-N40, N2 _cTEXL _2CC |
||
| 999 |
_c442959 _d442959 |
||